| 000 | 00696nam a2200253Ia 4500 | ||
|---|---|---|---|
| 003 | OSt | ||
| 005 | 20221005092827.0 | ||
| 006 | a|||||r|||| 00| 0 | ||
| 007 | ta | ||
| 008 | 221004b |||||||| |||| 00| 0 eng d | ||
| 020 | _a0312437374 | ||
| 024 | _a42129 | ||
| 037 | _cTextual | ||
| 040 |
_aCRL _cCRL _beng |
||
| 041 |
_2eng _aeng |
||
| 082 | _aO11196,3M85w, 111M2 | ||
| 100 |
_aThurman Judith _9466859 |
||
| 245 | 0 |
_aIsak Dinesen _b The life of a storyteller |
|
| 260 |
_aNew York _bSt Martin's USA _c1982 |
||
| 300 |
_axv, 495p _ccm. |
||
| 650 | _aENGLISH LITERATURE | ||
| 942 |
_hO11196,3M85w, 111M2 _cTEXL _2cc |
||
| 999 |
_c999425 _d999425 |
||